logo

Bir Sreshtho Munshi Abdur Rouf Library
Jhenaidah Cadet College

The British heritage : (Record no. 8327)

MARC details
000 -LEADER
fixed length control field 00905nam a2200289 a 4500
001 - CONTROL NUMBER
JCCL Control Number 8327
003 - CONTROL NUMBER IDENTIFIER
JCCL marc code BD-JhCC
005 - DATE AND TIME OF LATEST TRANSACTION
control field 20180222095428.0
008 - FIXED-LENGTH DATA ELEMENTS--GENERAL INFORMATION
fixed length control field 180222s1948 enka 001 0 eng d
035 ## - SYSTEM CONTROL NUMBER
system control number (BD-JhCC)8327
035 ## - SYSTEM CONTROL NUMBER
system control number (RLG)CASX88-B41110
035 ## - SYSTEM CONTROL NUMBER
system control number (BD-JhCC)
040 ## - CATALOGING SOURCE
Original cataloging agency BD-JhCC
Transcribing agency IaU
Modifying agency BD-JhCC
-- OCoLC
-- CUD
041 ## - LANGUAGE CODE
Language code of Book eng
082 ## - DEWEY DECIMAL CLASSIFICATION NUMBER
Classification number 914.2
Author mark and Year BRI 1948
245 04 - TITLE STATEMENT
Title The British heritage :
Remainder of title the people, their crafts and achievements as recorded in their buildings and on the face of the countryside.
260 ## - PUBLICATION, DISTRIBUTION, ETC. (IMPRINT)
Place of publication, distribution, etc London :
Name of publisher, distributor, etc Odhams Press,
Date of publication, distribution, etc [1948]
300 ## - PHYSICAL DESCRIPTION
Pagination 320 p. :
Other physical details ill. (part col.) ;
Dimensions 23 cm.
500 ## - GENERAL NOTE
General note Articles by various authors.
504 ## - BIBLIOGRAPHY, ETC. NOTE
Bibliography, etc Includes Index
650 ## - SUBJECT ADDED ENTRY--TOPICAL TERM
Topical term or geographic name as entry element Travel
651 #0 - SUBJECT ADDED ENTRY--GEOGRAPHIC NAME
Geographic name Great Britain
General subdivision Description and travel.
651 #0 - SUBJECT ADDED ENTRY--GEOGRAPHIC NAME
Geographic name Great Britain
General subdivision Civilization.
651 #0 - SUBJECT ADDED ENTRY--GEOGRAPHIC NAME
Geographic name Great Britain
General subdivision Antiquities.
942 ## - ADDED ENTRY ELEMENTS (KOHA)
Source of classification or shelving scheme Dewey Decimal Classification
Koha item type Books
Holdings
Source of classification or shelving scheme Damaged status Not for loan Home library Current library Shelving location Date of accession Total Checkouts Full call number Barcode Date last seen Copy number Koha item type
Dewey Decimal Classification     JCC Rouf Library JCC Rouf Library General Stacks 02/22/2018   914.2 BRI 1948 10531 02/22/2018 C-1 Books

JCC Library | Contacts | JCC Home

Last Update on 23 September 2017
Copyright @ 2017-2020 JCC Rouf Library
Rouf Library, Jhenidah Cadet College (JCC), Bangladesh